Germanic Language Translate Quiz - Statistics

General Stats
  • This quiz has been taken 403 times
  • The average score is 14 of 30
Answer Stats
English Dog % Correct
German Hund
95%
Danish Hund
95%
Swedish Hund
95%
Norwegian Hund
95%
English Guitar
90%
Danish Guitar
90%
English Six
73%
Norwegian Gitar
67%
English Clock
61%
German Sechs
61%
Dutch Hond
45%
Swedish Ko
45%
Swedish Gitarr
44%
English Cow
39%
German Gitarre
39%
Danish Seks
37%
Norwegian Seks
37%
Norwegian Ku
35%
English Mouse
35%
Danish Mus
35%
Swedish Mus
35%
German Kuh
29%
German Maus
28%
Danish Ur
28%
Dutch Klok
25%
Dutch Koe
17%
Dutch Zes
17%
Norwegian Klokke
13%
Swedish Klocka
12%
Dutch Muis
12%
No matching quizzes found
Score Distribution
Percent of People with Each Score
Percentile by Number Answered
Your Score History
You have not taken this quiz